00551nam a2200133Ia 4500008004100000100003000041245012200071260003600193300001800229650001000247856006800257999001900325952007300344160712s9999 xx 000 0 und d aAncheta, Maria Rhodora G. cMaria Rhodora G. AnchetaaAmerican Standup Comedy by Women and the Discourse of Cultural Negotiation in American Life c2011bReview of Women's Studies avol. 21 no. 1 xWOMEN uhttp://journals.upd.edu.ph/index.php/rws/issue/view/441/showToc c297702d297702 001040aCLbCLd2016-07-12l0r2016-07-12 00:00:00w2016-07-12yFEJ